| 000 | 00799nam a2200217Ia 4500 | ||
|---|---|---|---|
| 003 | OSt | ||
| 005 | 20201005181940.0 | ||
| 008 | 191128s2006 ck ao gr 000 0 spa d | ||
| 020 | _a9587061772 | ||
| 040 |
_aCO-JMCR _cCO-JMCR |
||
| 041 | 0 | _aspa | |
| 082 | 0 | 4 |
_a641.59 / _bS117s _223 |
| 245 | 0 | 0 |
_aSabores del mundo : _bla mejor cocina internacional en su casa / |
| 260 |
_aBogotá _bCasa editorial El tiempo : Periódico hoy, _c2006. |
||
| 300 |
_a383 páginas : _bfotografías a color ; _c27 cm. |
||
| 505 | 0 | _aCarnes -- Aves -- Pescados -- Mariscos -- Pastas -- Ensaladas -- Sopas -- Verduras y hortalizas -- Arroces -- Postres -- Amasijos -- Tabla de equivalencias | |
| 650 | 2 | 4 |
_aCocina internacional _911281 |
| 650 | 2 | 4 |
_aRecetarios _911282 |
| 650 | 2 | 4 |
_aGastronomía _9983 |
| 942 |
_2ddc _cBK |
||
| 999 |
_c4431 _d4431 |
||